The Big Black Ops 4 Zombies Quiz - Statistics

General Stats
  • This quiz has been taken 103 times
  • The average score is 23 of 50
Answer Stats
Hint Answer % Correct
Which character can Stuhlinger hear on Tag Der Toten? Richtofen
78%
The final DLC map Tag Der Toten
76%
What is my favourite bo4 zombies map? IX
75%
Name of prison in Blood of the Dead Alcatraz
73%
What year was black ops 4 released? 2018
70%
Map that features Gideon Jones Dead of the Night
70%
Map that I played first when I got black ops 4 Blood of the Dead
68%
On which map is there a cutscene for reaching round 150? Classified
68%
Alpha Omega is a remake based of what previous zombies map? Nuketown
68%
First bo4 zombies map alphabetically Alpha Omega
67%
On what ship is Voyage of Despair located? Titanic
67%
What animal is pegasus? Horse
65%
Perk that stops you from getting explosive damage Phd Slider
65%
In which country is Ancient Evil located? Greece
63%
Stuhlinger's first name Samuel
63%
In what year is Dead of the Night set? 1912
62%
How much does Stamin Up costs as the modifier? 2500 Points
60%
Pistol that can be bought off the wall in the first room Strife
57%
What is my least favourite bo4 zombies map? Voyage of Despair
56%
Which animal do you defeat in the IX boss fight? Elephant
54%
Name of the wolf companion Luna
52%
What is Tag Der Toten translated to English? Day of the Dead
49%
In which country is Tag Der Toten located? Russia
49%
Equipment that unleashes blue alchemical flames Wraith Fire
49%
Perk that spawns a wolf companion Blood Wolf Bite
48%
Last name of Takeo Masaki
48%
What is the name of the rocket launcher? Hellion Salvo
46%
Name of intense, fast paced game mode Rush
46%
Wonder weapon that features on IX Death of Orion
41%
At what round is the zombies health capped at on normal difficulty? Round 35
41%
Name of round based rules game mode Gauntlet
40%
Name of the hardest difficulty Realistic
40%
Name of the boss zombie in Voyage of Despair Stoker
40%
Elixir that allows power ups to last twice as long Temporal Gift
40%
In which country is IX located? Egypt
37%
Misty's real name Abigail
35%
Name of old man on Tag Der Toten Russman
33%
Perk that increases melee damage Ethereal Razor
32%
Name of the person at the top of the lighthouse in Tag Der Toten Hermit
32%
What does the man in the lighthouse require to activate pack a punch on Tag Der Toten? Blue Rock
25%
What special type of zombies feature on Chaos maps? Catalysts
24%
Round which zombies become super sprinters on normal difficulty Round 52
24%
At what round does the round counter reset? Round 256
22%
Name of first room in Blood of the Dead Richtofen's Laboratory
21%
Name of song in Dead of the Night Mystery
14%
Elixir that spawns a bonfire sale power up Conflagration Liquidation
8%
What is the highest round achieved on Black Ops 4 Zombies? Round 420
6%
Talisman that reduces pack a punch cost Charm of the Miser
5%
Overpowered strategy on Tag Der Toten One Window
5%
Where is Dead of the Night located? Hampshire, England, UK
3%
No matching quizzes found
Score Distribution
Percent of People with Each Score
Percentile by Number Answered
Your Score History
You have not taken this quiz